In der Nachfolge Jesu Christi

Sparad:
Bibliografiska uppgifter
Huvudupphovsman: Lehmann Hartleben, Karl (autor)
Materialtyp: Bok
Språk:tyska
Publicerad: Friburgo de Brisgovia Herder 1980
Upplaga:1a. ed
Serie:Zum Besuch des Papstes
Ämnen:
Taggar: Lägg till en tagg
Inga taggar, Lägg till första taggen!

MARC

LEADER 00000cam a2200000 a 4500
001 UCE8255
003 CL-VaPUC
008 150728e19800000gw |||||||||||||||||ger|d
020 |a 3451192802 
082 0 4 |a 230  |b LEH  |2 21 
100 |a Lehmann Hartleben, Karl  |e autor  |9 584877 
245 1 0 |a In der Nachfolge Jesu Christi 
250 |a 1a. ed 
300 |a 128 p 
942 |c BK 
945 |d 20150728 02:04:00  |a gsalatino 
260 |a Friburgo de Brisgovia  |b Herder  |c 1980 
600 0 |a Jesucristo  |9 481811 
650 7 |a TEOLOGIA CATOLICA  |2 CL-VaPUC  |9 394698 
650 0 |a Teología   |9 258766 
650 0 |a Enseñanza  |9 256457 
583 |a last modification  |c 20150728 02:04:00  |k Rodrigo Vera 
490 0 |a Zum Besuch des Papstes 
999 |c 360193  |d 360191 
952 |0 0  |1 0  |3 erb  |4 0  |6 230_000000000000000_LEH_1980  |7 0  |8 A  |9 469845  |a BIBTEO  |b BIBTEO  |e Casale Rolle, Carlos Ignacio, -2014  |i 5185114  |o 230 LEH 1980  |p 5185114  |r 2025-01-17  |w 2019-11-23  |y BK  |z Catalogado en:20150728  |k ICR